FRUITS ZIPPERサムネ当て - Statistics

General Stats
  • This quiz has been taken 9 times
  • The average score is 12 of 15
Answer Stats
Answer % Correct
わたしの一番かわいいところ 松本かれん
100%
NEW KAWAII 櫻井優衣
100%
かがみ 月足天音
100%
ハピチョコ 松本かれん
100%
はちゃめちゃわちゃライフ! 松本かれん
86%
フルーツバスケット 早瀬ノエル
86%
ぴゅあいんざわーるど 月足天音
86%
超めでたいソング〜こんなに幸せでいいのかな?〜 鎮西寿々歌
86%
君と目があったとき 真中まな
86%
好き、お願い 仲川瑠夏
57%
世界はキミからはじまる 櫻井優衣
57%
キミコイ 鎮西寿々歌
57%
さん 真中まな
57%
KawaiiってMagic 松本かれん
57%
RADIO GALAXY 鎮西寿々歌
57%
No matching quizzes found
Score Distribution
Percent of People with Each Score
Percentile by Number Answered
Your Score History
You have not taken this quiz